000 00485pab a2200181 454500
008 180718b2011 xxu||||| |||| 00| 0 eng d
100 _aZhang, Yahong
245 _aCity managers' job satisfaction and frustration: Factors and implications
260 _c2011
300 _ap.670-685.
362 _aNov
650 _aJob satisfaction
700 _aCheong, Jong One
700 _aYao, Xiang
773 _aAmerican Review of Public Administration
908 _aN
909 _a93917
999 _c93917
_d93917